01277nam a22003137a 4500001001000000003000900010005001700019007000300036008003400039040005400073041001000127072001400137090001900151100001600170110011400186245014700300246014500447260003800592300001000630500005600640650001500696650001300711650001300724650001400737909003600751942000700787999001700794952015200811BR8300550BR-BrBNA20230928091605.0ta230509b bl.||||| |||| 00| 0 por d aBR-BrBNAbporcBiblioteca Nacional de Agricultura a(Por) aH70b4020  4020 BR83005501 aFenilli, R.1 aEscola Superior de Agricultura Luiz de Queiroz, Piracicaba, SP (Brasil)0Tese (Doutor em Ciencias Biologicas)1 aCiclo biologico, morfologia e efeitos da radiacao gama (60 Co)em adultos de Palembus dermestoides (Fairmaire, 1893)(Coleoptera, Tenebrionidae)1 aLife cycle, morphology and effects of gamma radiation (60 Co)on adults of Palembus dermestoides (Fairmaire, 1893)(Coleoptera, Tenebrionidae)3 aPiracicaba, SP (Brasil): c1982.  a93 p. a11 illus.; 35 tables; 12 ref.; Summaries (Eng, Por) aCOLEOPTERO aBIOLOGIA aRADIACAO aRAIO GAMA a202309bLuciac55dLucia Elande cBK c34560d34560 002AGRIS40708AGROBASEa41918b41918l0o 4020 BR8300550p4020 BR8300550r2023-09-25t01yBK10d2023-09-25ePortaria Interministerial nÂș 164/94